Kwartalnik Kresowy (Запис № 580449)

МАРК-запис
000 -Лідер
fixed length control field 00737 a2200229 4500
003 - Ідентифікатор контрольного номера
control field UA-OsUOA
005 - Дата та час останнього входження (трансакції)
control field 20260421132445.0
008 - Елементи даних фіксованої довжини – загальна інформація
fixed length control field 260421b un ||||| |||| 00| 0 ukr d
020 ## - Міжнародний стандартний книжковий номер (ISBN)
Міжнародний стандартний книжковий номер (ISBN) (НП) 03061221
040 ## - Джерело каталогізації
Агенція оригінальної каталогізації UA-OsUOA
Мова каталогізації pol
Агенція, яка здійснювала перезапис UA-OsUOA
Агенція, яка здійснювала модифікацію UA-OsUOA
041 ## - Код мови
Код мови тексту/ звукової доріжки чи окремого заголовка (П) pol
080 ## - Індекс Універсальної десяткової класифікації
Індекс Універсальної десяткової класифікації (УДК) (НП) 050
090 ## - Локальний шифр розміщення
Класифікаційний індекс УДК 050
Авторський знак (НП) K98
100 ## - Основне введення – ім’я особи
Ім’я особи (НП) Nowakowie A.
9 (RLIN) 25026
245 ## - Відомості про назву
Назва (НП) Kwartalnik Kresowy
Дані про відповідальність (НП) Anna i Stanislaw Nowakowie
260 ## - Публікація, розповсюдження і т.п. (Вихідні дані)
Ім’я/ наймення видавництва, розповсюджувача і т.п. (П) Zarząd Główny Związek Ziem Wschodnich R. P.
Дата публікації, розповсюдження і т.п. (П) 1987
Місце публікації, розповсюдження і т.п. (П) London
300 ## - Фізичний опис
Обсяг 56 s.
650 ## - Додаткове предметне введення – тематичний термін
Джерело заголовка чи терміна UDC
Тематичний термін чи географічна назва, як елемент введення (НП) 050 Серіальні видання. Періодика
9 (RLIN) 3723
942 ## - Додаткові елементи входу (Коха)
Тип елемента Koha Книги
Source of classification or shelving scheme Universal Decimal Classification
955 ## - Код типу видання за змістом
Код типу видання за змістом (НП) Науково-популярні видання
Фонди
Стан вилучень Стан втрат Джерело класифікації або схеми стелажів Стан уражень Не для кредиту Постійне місце розташування Поточне розміщення Дата придбання Джерело придбання Вартість, звичайна ціна покупки Інвентарний номер Усього замовленно Повний номер виклику Штрих-код Дата останнього перегляду Вартість, ціна заміни Ціна ефективна від Тип елемента Koha
    Universal Decimal Classification     Наукова бібліотека ІДУД Наукова бібліотека ІДУД 21/04/2026 №9/20.04.2026 (ІДУД) 1.00 300714   050 K98 300714 21/04/2026 1.00 21/04/2026 Книги